Comercialización de productos derivados de la biodiversidad : (Registro nro. 434)

Detalles MARC
000 -CABECERA
Campo de control 00973cam a2200241 a 4500
005 - FECHA Y HORA DE LA ULTIMA TRANSACCION
Campo de control 20191217041541.0
008 - ELEMENTOS DE LONGITUD FIJA—INFORMACION GENERAL
Campo de control 041023s1995 ck a r 00010 spa d
040 ## - FUENTE DE CATALOGACIÓN
Agencia catalogadora original la
Agencia transcriptora la
Agencia Modificadora CO-BoIAVH
041 0# - IDIOMA
Código de idioma para texto/pista de sonido o título separado Español
044 ## - PAÍS DE PUBLICACIÓN
País de publicación Colombia
082 04 - NUMERO DE CLASIFICACION DECIMAL DEWEY
Número de clasificación 338.17
Número del ítem T16c
100 1# - ASIENTO PRINCIPAL--NOMBRE PERSONAL
Nombre personal Tangley, Laura
Término relacionado autora
9 (RLIN) 3753
245 10 - MENCION DE TITULO
Título Comercialización de productos derivados de la biodiversidad :
Parte restante del título la iniciativa tagua /
Mención de responsabilidad Laura Tangley ; traducido por Angela María García Vásquez ; fotografías Haroldo Castro ... [y otros].
246 14 - FORMA VARIANTE DEL TITULO
Título propiamente dicho/forma breve del título La iniciativa tagua
260 ## - PUBLICACION, DISTRIBUCION, ETC. (PIE DE IMPRENTA)
Lugar de publicación, distribución, etc. Bogotá (Colombia) :
Nombre del editor, distribuidor, etc. Conservación Internacional,
Fecha de publicación, distribución, etc. 1995.
300 ## - DESCRIPCION FISICA
Extensión 31 páginas :
Otros detalles físicos ilustraciones ;
Dimensiones 28 x 22 cm.
650 26 - ASIENTO SECUNDARIO DE MATERIA - TERMINO TEMATICO
Término temático o nombre geográfico como elemento de entrada Biodiversidad
Subdivisión general Aspectos económicos
9 (RLIN) 86140
650 24 - ASIENTO SECUNDARIO DE MATERIA - TERMINO TEMATICO
Término temático o nombre geográfico como elemento de entrada Tagua
Subdivisión general comercialización
9 (RLIN) 86141
650 26 - ASIENTO SECUNDARIO DE MATERIA - TERMINO TEMATICO
Término temático o nombre geográfico como elemento de entrada Phytelephas
Subdivisión general comercialización
9 (RLIN) 86142
650 26 - ASIENTO SECUNDARIO DE MATERIA - TERMINO TEMATICO
Término temático o nombre geográfico como elemento de entrada Desarrollo de la comunidad
9 (RLIN) 19510
700 1# - ASIENTO SECUNDARIO - NOMBRE PERSONAL
Nombre personal García Vásquez, Angela María
Término de relación traducción
9 (RLIN) 85620
942 ## - ELEMENTOS ADICIONALES (KOHA)
Sistema de clasificación Dewey Decimal Classification
Tipo de ítem Libro
Existencias
Withdrawn status Lost status Sistema de Clasificación Damaged status No para préstamo Colección Inventariado Ubicación Permanente Ubicación actual Fecha de adquisición Fuente de Valor Valor Total Checkouts Número topográfico Inventario / Código de Barras Date last seen Ejemplar Price effective from Forma de adquisición Tipo de material
    Dewey Decimal Classification     General Inventariado 2017 Sala Fabio Quevedo Sala Fabio Quevedo 01/05/1998 Instituto 39000.00   LB-338.17 T16c 000588 10/01/2013 Ej. 2 04/12/2012 Donación Libro
    Dewey Decimal Classification     General Inventariado 2017 Sala Fabio Quevedo Sala Fabio Quevedo 01/05/1998 Instituto 39000.00   LB-338.17 T16c 000589 04/12/2012 Ej. 3 04/12/2012 Donación Libro
    Dewey Decimal Classification     General Inventariado 2017 Sala Fabio Quevedo Sala Fabio Quevedo 23/11/2000 Instituto 39000.00   LB-338.17 T16c 000590 04/12/2012 Ej. 1 04/12/2012 Donación Libro